[Event "Linares 10th"]
[Site "Linares"]
[Date "1992.??.??"]
[Round "5"]
[White "Bareev, Evgeny"]
[Black "Ivanchuk, Vassily"]
[Result "1/2-1/2"]
[WhiteElo "2635"]
[BlackElo "2720"]
[Annotator "Dautov,R"]
[PlyCount "81"]
[EventDate "1992.02.??"]
[EventType "tourn"]
[EventRounds "13"]
[EventCountry "ESP"]
[EventCategory "17"]
[SourceTitle "CBM 028"]
[Source "ChessBase"]
[SourceDate "1992.06.01"]
[SourceVersion "1"]
[SourceVersionDate "1992.06.01"]
[SourceQuality "1"]

1. d4 d5 2. c4 dxc4 3. e4 e5 4. Nf3 Bb4+ 5. Nc3 Nf6 {N} (5... exd4 6. Qxd4 Qxd4
7. Nxd4 Nf6 8. f3 Bc5 9. Be3 Nc6 10. Nc2 Bxe3 11. Nxe3 Be6 12. O-O-O Ne5 13.
Nb5 Rc8 14. Nxa7 Ra8 15. Nb5 Rc8 16. a3 $16 {/\Nd4 Seirawan,Y-Ivanchuk,V,
Roquerbrune 30',1992}) (5... exd4 6. Qxd4 Qxd4 7. Nxd4 Nf6 8. f3 Bd7 9. Bxc4
Nc6 10. Nxc6 Bxc6 11. Bf4 Nd7 12. Rc1 f6 13. a3 Bxc3+ 14. Rxc3 Ne5 15. Be2 $14
{Bagirov,V-Barua,Frunze 1983}) (5... exd4 6. Qxd4 Qxd4 7. Nxd4 Nf6 8. f3 a6 9.
Bxc4 b5 10. Be2 c5 11. Nc2 Ba5 12. O-O Be6 13. e5 Bxc3 (13... Nfd7 14. f4 Nc6
15. Bf3 $16) 14. bxc3 Nd5 15. Bd2 Nb6 16. Ne3 Nc6 17. f4 O-O-O 18. Be1 $14 {
Skembris-Bousios,Greece(ch),1984}) 6. Nxe5 b5 (6... Nxe4 $2 7. Qa4+ Nc6 8. Nxc6
Bxc3+ 9. bxc3 Qd7 10. Bxc4 bxc6 11. Ba3 $16) 7. Be2 Bb7 $6 (7... Nxe4 8. O-O (
8. Bf3 $2 Nxc3 9. bxc3 Bxc3+ 10. Bd2 Bxa1 11. Qxa1 c6 12. Nxc6 Nxc6 13. Bxc6+
Bd7 $17) 8... Bxc3 (8... Nxc3 9. bxc3 Bxc3 10. Rb1 {/\Bf3} a6 11. Bf3 Ra7 12.
Ba3 $146) 9. Bf3 Bb7 10. bxc3 (10. Bxe4 Bxe4 11. bxc3 O-O $10) 10... Nxc3 11.
Bxb7 $1 Nxd1 12. Rxd1 f6 (12... Nd7 13. Bc6 O-O 14. Nxd7 Re8 15. Bxb5 $16) 13.
Nf3 Nd7 14. Re1+ Kf8 (14... Kf7 15. Bd5+ Kg6 $2 16. Nh4+ Kh5 17. Bf3+ Kxh4 18.
g3+ Kh3 19. Re4 $18) 15. Ba3+ c5 16. dxc5 Qa5 17. Bxa8 Qxa3 18. Rad1 $40) (7...
Nxe4 $142 8. O-O Bxc3 9. Bf3 Qxd4 $1 10. Qxd4 Bxd4 11. Bxe4 Bxe5 12. Bxa8 O-O
13. Re1 Bf6 $132 {><b2}) 8. O-O c6 $2 (8... Bxc3 9. bxc3 Nxe4 10. Ba3 $5 (10.
Bf3 $5) 10... Nd6 (10... Nxc3 11. Qe1 $1 $16) (10... a5 11. Bf3) 11. Bf3 $36) (
8... Nxe4 9. Nxe4 Bxe4 10. Bxc4 O-O 11. Bxf7+ Rxf7 12. Nxf7 Kxf7 13. Qb3+ Qd5
14. Qxb4 Bxg2 15. Rd1 Bf3 16. Rd3 Nc6 17. Qc5 $16) 9. Bg5 $16 {[+]} h6 10. Bh4
O-O 11. Ng4 Be7 12. Bxf6 $1 Bxf6 13. e5 Be7 14. Bf3 a6 15. a4 Nd7 $5 (15... b4
16. Ne4 Nd7 17. Rc1 Nb6 18. Ne3 $16) (15... Qb6 16. d5 cxd5 17. Nxd5 Bxd5 18.
Qxd5 Ra7 19. axb5 axb5 20. Rxa7 Qxa7 21. Qxb5 $16) 16. axb5 axb5 17. Nxb5 Qb6
18. Nc3 Rad8 19. Na4 Qb4 20. Qe1 $1 Nb8 21. Ne3 (21. Qxb4 Bxb4 22. Ne3 $16)
21... Qxe1 22. Rfxe1 Rxd4 23. Nf5 Rd7 24. Nb6 Rc7 25. Nxc4 (25. Nxe7+ $142 Rxe7
26. Nxc4 $18 {/\Ra7}) 25... Bb4 26. Re4 Bc8 27. Ncd6 Bxf5 28. Nxf5 Rb7 29. h4 (
29. Rg4 g6 30. Nxh6+ Kh7 31. Rh4 Be7 32. Rh3 Kg7 33. Ra2 Rh8 34. Ng4 Rxh3 35.
gxh3 $16) 29... h5 $1 30. Rd1 g6 31. Nd6 Bxd6 32. Rxd6 $5 (32. exd6 Rd8 33. Re2
$16) 32... Re8 33. b4 $6 (33. e6 fxe6 (33... f5 34. Re2 Rb6 35. Kh2 Kf8 36. e7+
Kf7 37. Bd5+ $18) 34. Rexe6 Rxe6 35. Rxe6 Kf7 36. Re2 $16 {><g6}) 33... Rb5 $5
34. Be2 $1 Rd5 $5 35. f3 $6 (35. Rxd5 cxd5 36. Re3 Nd7 (36... d4 37. Re4 Nc6
38. Bb5 $18) (36... Nc6 37. b5 $18) 37. Bb5 Re7 38. Bxd7 Rxd7 39. Kf1 $18)
35... Kf8 36. Kf2 $4 (36. Rxd5 cxd5 37. Re3 $22 Nc6 38. b5 Nxe5 39. b6 Nd7 40.
Rxe8+ Kxe8 41. b7 Kd8 42. Bb5 Nb8 43. Kf2 f6 44. f4 Ke7 45. Ke3 $18) 36...
Rexe5 37. Rxe5 Rxd6 $10 38. Ra5 Nd7 39. Ra8+ Ke7 40. Ra7 Rd2 41. Ke3 1/2-1/2

[Event "Ter Apel"]
[Site "Ter Apel"]
[Date "1995.??.??"]
[Round "1"]
[White "Dautov, Rustem"]
[Black "Van Wely, Loek"]
[Result "1/2-1/2"]
[WhiteElo "2625"]
[BlackElo "2575"]
[Annotator "Dautov,R"]
[PlyCount "65"]
[EventDate "1995.03.??"]
[EventType "tourn"]
[EventRounds "5"]
[EventCountry "NED"]
[EventCategory "16"]
[SourceTitle "CBM 047"]
[Source "ChessBase"]
[SourceDate "1995.08.01"]
[SourceVersion "1"]
[SourceVersionDate "1995.08.01"]
[SourceQuality "1"]

1. d4 d5 2. c4 dxc4 3. Nf3 c5 4. e4 cxd4 5. Qxd4 Qxd4 6. Nxd4 Nf6 $6 7. e5 (7.
Nb5 Kd8 8. Bxc4 a6 9. Nd4 e6 $10) 7... Nfd7 8. e6 $5 (8. f4 $1 {>=} e6 (8...
Nb6 9. Na3 c3 10. bxc3 e6 11. Nab5 $16) 9. Bxc4 $14) 8... Ne5 9. exf7+ (9. Na3
Nd3+ 10. Ke2 Bxe6 11. Nxe6 fxe6 12. Nxc4 Nxc1+ 13. Rxc1 Nc6 $10) 9... Kxf7 10.
Nd2 Nd3+ 11. Bxd3 cxd3 12. N2f3 Nd7 13. Ng5+ Kf6 (13... Kg6 14. Nge6 Nb6 15.
Kd2 $5 Bxe6 16. Nxe6 Kf6 17. Re1 Nc4+ 18. Kxd3 Ne5+ 19. Kd4 $14 Kxe6 20. Rxe5+
Kf7 $14) 14. Nge6 Nb6 (14... Ne5 $2 15. Nc7 Rb8 16. Bf4 $18 {/\Ne8,Nd5}) 15.
Bg5+ Kf7 16. Nc7 Rb8 17. Nf3 $1 h6 $2 (17... Bf5 $1 18. g4 Rc8 19. Rc1 (19.
Ne5+ Kg8 20. gxf5 Rxc7 21. Nxd3 g6 $10) 19... Be4 20. Ne5+ Kg8 21. f3 Bd5 (
21... Bc6 22. Ne6 $13) 22. Nxd5 Rxc1+ 23. Bxc1 Nxd5 24. Nxd3 e6 $10) 18. Ne5+
Kg8 19. Be3 Bf5 20. Bxb6 $1 axb6 21. g4 Be4 (21... Bh7 $2 22. Ne6 $1 {/\Nd7})
22. f3 Bc6 23. Rc1 $2 (23. Ne6 $1 Kh7 (23... g5 $2 24. Ng6) 24. Nxc6 bxc6 25.
O-O-O g5 26. Rhe1 $1 $16) 23... g5 24. Nxc6 bxc6 25. Rxc6 Bg7 26. b3 Kf7 27.
Kd2 Be5 28. Nd5 (28. Kxd3 Rhd8+ $1 29. Ke4 Bxc7 30. Rxc7 Rd2 31. a4 Rbd8 $10)
28... Rhd8 29. Nxb6 Bf4+ 30. Kc3 (30. Kd1 $4 Rxb6 31. Rxb6 Rc8 $19) 30... Be5+
31. Kd2 (31. Kc4 Rd4+ 32. Kb5 (32. Kc5 Rf4) 32... d2 33. Rd1 Bf4 $13 {/\Rd3})
31... Bf4+ 32. Kc3 Be5+ 33. Kd2 1/2-1/2

[Event "Hastings Masters op 90th"]
[Site "Hastings"]
[Date "2015.01.02"]
[Round "5"]
[White "Hawkins, Jonathan J"]
[Black "Edouard, Romain"]
[Result "0-1"]
[WhiteElo "2552"]
[BlackElo "2659"]
[Annotator "Edouard,R"]
[PlyCount "82"]
[EventDate "2014.12.29"]
[EventType "swiss"]
[EventRounds "9"]
[EventCountry "ENG"]
[SourceTitle "CBM 164"]
[Source "ChessBase"]
[SourceDate "2015.01.15"]
[SourceVersion "1"]
[SourceVersionDate "2015.01.15"]
[SourceQuality "1"]
[WhiteClock "0:29:27"]
[BlackClock "0:48:22"]

1. d4 d5 2. c4 dxc4 3. e4 Nf6 4. e5 Nd5 5. Bxc4 Nb6 6. Bd3 Nc6 7. Ne2 Bg4 8. f3
Bh5 $5 {This move is less popular than 8...Be6, but makes a lot of sense, as
the bishop will be relatively well placed on g6 and Black can develop his
pieces more easily.} 9. Nbc3 e6 10. Be4 {The bishop has to come here at some
point as White should not exchange the light squared bishops without improving
his pawn structure (fxe4).} Bg6 11. O-O Be7 12. Be3 Qd7 13. a3 O-O-O $5 $146 {
A tricky move suggested by the computer. White's attack on the queenside is
slower than it may look like, as the black knights are ready tomove somewhere
at any moment. As ...f6 is coming quickly, if White cannot attack the black
king efficiently, then ...0-0-0 is strategically a better move than ...0-0.} (
13... O-O {was played in: 1/2-1/2 (45) Dreev,A (2677)-Romanov,E (2590) RUS
2012. It is probably a decent move as well, though White got a better position
in that game.}) 14. Rc1 $6 {This move can be useful only if White has Bxc6/Nb5
ideas. Here these ideas are too slow.} (14. b4 {should be critical but after}
Kb8 15. Qb3 f5 {the position is very unclear.}) 14... Kb8 $5 (14... Bxe4 {
was also good,} {as White should go} 15. Nxe4 {but the position remains about
equal:} (15. fxe4 $6 Nc4 16. Bf2 Nxb2 $5 (16... Bg5 17. Na4 $1 Bxc1 18. Nc5 Qe8
19. Qxc1 Nb6 20. b4 {with some compensations.}) 17. Qc2 Nc4 $15) 15... Nd5 16.
Bf2 f5 17. exf6 gxf6 $13) (14... Nc4 $6 15. Bf2 Nxb2 $4 16. Qb3 Nd3 17. Bxc6
Qxc6 18. Nb5 Nxc1 19. Rxc1 $18) 15. Na4 $6 {Blundering a pawn, though the
position is of course not that clear.} (15. b4 f6 16. exf6 gxf6 $13) 15... Nxd4
$1 16. Bxd4 {The best chance.} (16. Nxb6 Nxe2+ 17. Qxe2 cxb6 $5 $15 {[%csl Yd8]
}) (16. Nxd4 Qxa4 17. Qxa4 Nxa4 18. Nb5 c6 $1 $17) 16... Qxa4 17. Rxc7 $8 Bxe4
18. Rxe7 Qxd1 (18... Bc2 {was my first idea until I noticed the move} 19. Qc1
$1 {after what Black should go} (19. Qd2 $2 Bg6 $19) 19... Nd5 $1 {and crazy
lines could happen like:} (19... Rxd4 $6 {is met by} 20. b3 $1 Qc6 21. Nxd4 Qc5
22. Qxc2 Qxe7 $11) 20. b3 Bxb3 21. Rxf7 Bc4 22. Qb2 b6 23. Nc3 Qe8 24. Rxa7
Kxa7 25. Nxd5 Qb5 26. Bxb6+ Kb7 27. Qxb5 Bxb5 28. Bxd8 Bxf1 29. Kxf1 Rxd8 30.
Nf4 Re8 $15) 19. Rxd1 Bg6 20. Nf4 Rhf8 21. Kf2 Nc8 {This move might just be
imprecise.} (21... Bb1 $5 {made a lot of sense, in order to go ...Nc8 next and
keep more pieces!}) (21... a6 $5) 22. Nxg6 hxg6 23. Bxa7+ Nxa7 24. Rxf7 $2 (24.
Rxd8+ Rxd8 25. Rxf7 {had to be played, and after} Nc6 26. f4 g5 27. fxg5 Rg8
28. Ke3 Nxe5 29. Re7 {White has very good drawing chances.}) 24... Rxf7 25.
Rxd8+ Kc7 26. Rd6 Re7 {Now that I could stabilise my position, it should be an
easy win.} 27. Kg3 Nb5 (27... Nc6 $5 28. Kf4 g5+ {might have been stronger.})
28. Rd2 Rd7 29. Rc2+ (29. Rxd7+ Kxd7 30. Kf4 Ke8 31. Ke4 (31. h4 Nd4 $19) 31...
g5 $19) 29... Kd8 30. Kg4 Nd4 31. Rf2 (31. Rc4 $6 Nc6 $19) 31... Ke7 32. f4 Nc6
33. Rc2 Kf7 34. Kg5 Ne7 35. g3 Nd5 36. h4 $6 {This move should never have been
played as it gives me too many targets.} Rc7 37. Rd2 Rc1 38. Rd3 Re1 $1 39. Rd2
Re3 40. Kg4 Rb3 41. Re2 Ne3+ (41... Ne3+ 42. Kg5 Nf5 43. g4 Nd4 $19) 0-1

[Event "Bundesliga 1617"]
[Site "Germany"]
[Date "2017.03.18"]
[Round "9.1"]
[White "Shirov, Alexei"]
[Black "Edouard, Romain"]
[Result "1/2-1/2"]
[WhiteElo "2679"]
[BlackElo "2628"]
[Annotator "Edouard,R"]
[PlyCount "100"]
[EventDate "2016.10.15"]
[EventType "team-tourn"]
[EventRounds "15"]
[EventCountry "GER"]
[SourceTitle "CBM 178"]
[Source "ChessBase"]
[SourceDate "2017.05.14"]
[SourceVersion "1"]
[SourceVersionDate "2017.05.14"]
[SourceQuality "1"]
[WhiteTeam "Baden-Baden"]
[BlackTeam "Werder Bremen"]
[WhiteTeamCountry "GER"]
[BlackTeamCountry "GER"]

1. d4 d5 2. c4 dxc4 3. e4 Nf6 4. e5 Nd5 5. Bxc4 Nb6 6. Bd3 Nc6 7. Be3 Nb4 8.
Be4 f5 9. exf6 exf6 10. Nc3 f5 11. Bf3 $5 {Definitely a critical line.} (11.
Bb1 N4d5 12. Nf3 Nxe3 13. fxe3 Bd6 14. O-O O-O 15. e4 c6 16. a4 fxe4 17. Bxe4
Kh8 18. Qc2 Bg4 $1 $132 {0-1 (33) Jakovenko,D (2713)-Rublevsky,S (2695)
Khanty-Mansiysk RUS 2013}) 11... N4d5 12. Bd2 Be6 $1 {An important move order.
Black should be able to take back on d5 with the bishop.} (12... Be7 13. Nxd5
Nxd5 14. Nh3 $1 Be6 15. Qe2 $40) 13. Nh3 Be7 $1 (13... Qd7 14. O-O O-O-O 15. a4
{is very unpleasant for Black.}) 14. O-O O-O 15. Re1 Bf7 ({Not} 15... Qd7 $4
16. Qe2 $18) 16. Nxd5 Nxd5 17. Re5 (17. Qc2 Qd7 $11) 17... Qd7 $6 {Giving
White some activity for no reason.} (17... Bf6 18. Rxf5 Be6 19. Bxd5 (19. Rh5
Bf7 $11) 19... Bxd5 20. Bg5 (20. Nf4 Be4 $132) 20... Qd7 $44) 18. Bg5 $1 Bd8 (
18... Bf6 19. Bxf6 gxf6 20. Re1 Rad8 {was the engine's choice, but it is not
so pleasant to do such things!}) 19. Qe2 ({The engine gives} 19. Bxd8 Raxd8 20.
Ng5 c6 21. Qc2 {as slightly bothering, but after} Nb4 $5 (21... h6 22. Nxf7
Qxf7 23. Rae1 $14) 22. Qc3 Qxd4 23. Nxf7 Rxf7 24. Rd1 Qxd1+ 25. Bxd1 Rxd1+ 26.
Re1 Nd5 27. Qe5 Rxe1+ 28. Qxe1 Re7 {Black should hold a draw.}) 19... c6 20.
Bxd8 Raxd8 21. Ng5 (21. Bxd5 Bxd5 22. Re7 Rde8 23. Rxd7 Rxe2 24. Rxb7 Rf7 (
24... Rfe8 $5) 25. Rb8+ Rf8 $11) 21... Nf4 22. Qe3 Qxd4 (22... Ng6 23. Nxf7
Rxf7 24. Re6 Nf4 25. Re5 Ng6 $11) 23. Nxf7 Rxf7 24. Re8+ {When playing 22...
Qxd4, I just thought I was better, and overlooked that here I could not go ...
Rxe8!!} Rf8 25. Qb3+ Nd5 (25... Kh8 26. Rxf8+ Rxf8 27. Qxb7 Nd3 28. Rf1 Nxb2
29. Qxc6 Nd3 30. Qc2 $36) 26. Rxd8 Rxd8 27. Rd1 Qb6 $2 {A terrible decision,
not seeing I still had a choice.} (27... Qc5 28. Qxb7 Qb6 $11) 28. Bxd5+ cxd5
29. Rxd5 Re8 $8 30. Rb5+ $1 Kh8 31. g3 Qc6 32. Qd5 g6 $6 (32... f4 $5 {was, I
think, the smartest. A typical move for a future rook ending. The text move is
too weaknessing.}) 33. Qxc6 bxc6 34. Ra5 Re7 (34... Re2 35. b3 $16) 35. Kg2 Kg7
36. Kf3 Kf6 37. Rc5 {The most logical choice: before Black gets time to bring
his king to d6.} ({After} 37. h4 Ke6 38. Kf4 Kd6 39. Kg5 Re2 {I do not think
that White should win the race.}) 37... Re6 38. b4 g5 39. Ra5 g4+ 40. Kg2 Re2
$1 {Just in time. A very important move!} 41. Rxa7 h5 42. a4 {A forcing move.
But the position should be a draw anyway: we could not find any convincing
idea for White.} Rb2 43. Rb7 Ra2 44. Rb6 Rxa4 45. Rxc6+ Kg5 (45... Ke5 $5 {
should also hold: but the text move is more forcing.}) 46. h4+ (46. Rc4 h4 {
is a hopeless draw.}) (46. Rb6 h4 {as well. Black finds counteplay too quickly.
}) 46... gxh3+ 47. Kxh3 f4 48. gxf4+ Kxf4 49. b5 Rb4 50. b6 $2 {Alexei
apparently touched his pawn accidentally. After this move, the position is a
dead draw.} (50. Rb6 {would keep practical chances although more or less
everything is a draw, e.g.} Kf3 $5 ({It is funny that apparently even} 50...
Ke5 51. Rh6 Kf4 52. Rxh5 Rb3+ 53. Kg2 Rb1 {is a draw!}) 51. Rf6+ (51. Rb8 Kxf2
52. b6 Kg1 $1 53. b7 Kh1 $11) 51... Ke4 52. b6 Ke5 53. Rh6 Kf4 $11) 50... Rb1
1/2-1/2

[Event "Gibraltar Masters 13th"]
[Site "Caleta"]
[Date "2015.02.05"]
[Round "10"]
[White "Javakhishvili, Lela"]
[Black "Edouard, Romain"]
[Result "0-1"]
[WhiteElo "2486"]
[BlackElo "2638"]
[Annotator "Edouard,R"]
[PlyCount "64"]
[EventDate "2015.01.27"]
[EventType "swiss"]
[EventRounds "10"]
[EventCountry "GGB"]
[SourceTitle "CBM 165"]
[Source "ChessBase"]
[SourceDate "2015.03.11"]
[SourceVersion "1"]
[SourceVersionDate "2015.03.11"]
[SourceQuality "1"]

1. d4 d5 2. c4 dxc4 3. e4 b5 $5 {A line I had already played in May, and that
has recently becoame quite popular, being used many times notably by Hikaru
Nakamura.} 4. a4 c6 5. axb5 cxb5 6. Nc3 a6 7. Nxb5 axb5 8. Rxa8 Bb7 9. Ra1 e6
10. f3 ({The following game was played in Gibraltar:} 10. Ne2 Bxe4 11. b3 $6
Nc6 12. Nc3 Bb4 13. Bd2 Bxc3 14. Bxc3 b4 15. d5 $2 bxc3 16. dxc6 Qxd1+ 17. Kxd1
cxb3 18. c7 Kd7 $19 {0-1 (55) Adhiban,B (2630)-Nakamura,H (2776) Caleta Hotel,
Gibraltar 2015}) 10... Nc6 (10... f5 $5 {was tried by Matthieu Cornette in the
last French championship:} 11. exf5 Ne7 12. Ra7 Qb6 $2 (12... Bd5 $1 13. fxe6
Nbc6 {deserves attention.}) 13. Rxb7 Qxb7 14. fxe6 $16 {1/2-1/2 (41) Gharamian,
T (2657)-Cornette,M (2533) Nimes FRA 2014.}) 11. Ne2 Bb4+ $1 $146 (11... Na5 $6
12. Be3 (12. Nc3 $5 Qb6 13. Nxb5 Qxb5 14. Qa4 Qxa4 15. Rxa4 Nc6 16. Be3 Bd6 17.
Bxc4 $14 {0-1 (56) Goganov,A (2615)-Tabatabaei,M (2444) Moscow RUS 2015}) 12...
Nb3 13. Ra2 Bb4+ 14. Nc3 Ne7 15. Bd3 Nc6 16. d5 exd5 17. exd5 Qxd5 18. Be4 Qe5
19. O-O O-O {1/2-1/2 (19) Bluebaum,M (2530)-Nisipeanu,L (2665) GER 2014} 20.
Qd7 $1 $146 Bxc3 21. bxc3 Qxc3 22. Bb6 Nb4 23. Ra7 $1 $16) 12. Bd2 Nge7 {
A very simple idea: to prevent White from castling in perfect conditions, by
simply developing?} 13. b3 $1 (13. Bxb4 $6 Nxb4 14. Nc3 Qb6 $132) 13... O-O 14.
bxc4 bxc4 15. Kf2 $6 {One of the computer's suggestions, but it seems to just
be dubious.} (15. Bxb4 {was the normal move, and after} Nxb4 16. Nc3 Nec6 17.
Bxc4 Nxd4 18. O-O Nbc2 {Black holds the draw.}) 15... f5 $1 (15... e5 {also
caught my attention, but after} 16. d5 Bc5+ 17. Ke1 Nd4 18. Nxd4 Bxd4 19. Bxc4
{I don't think Black can ever have sufficient compensation.}) 16. Nf4 $6 (16.
Bxb4 Nxb4 17. Nf4 {was critical, but after} Qb6 18. Bxc4 fxe4 $1 19. Nxe6 Bd5
$1 {Black is doing very well.}) 16... Qxd4+ 17. Be3 Qb2+ 18. Be2 (18. Kg1 Qe5
19. Bxc4 Bc5 $19) 18... fxe4 19. Nxe6 $2 {A mistake in an already bad position.
} exf3 20. gxf3 (20. Nxf8 fxg2 21. Rg1 Qf6+ 22. Kxg2 Nf5 $1 $19) 20... Rxf3+ $1
21. Kxf3 Ne5+ $1 22. Kg3 $6 (22. Kf2 Nd3+ 23. Kg1 Qe5 $1 $19) 22... Nf5+ 23.
Kf2 (23. Kh3 Bg2+ $1 $19 {might have been missed by my opponent while playing
22.Kg3.}) (23. Kf4 Ng6+ $1 24. Kxf5 Qf6+ 25. Kg4 Qh4+ 26. Kf5 Be4#) 23... Nd3+
24. Kg1 Nxe3 (24... Qe5 $19) 25. Qa4 Bf8 26. Rf1 (26. Qa2 Qb6 27. Bxd3 Qxe6 $19
) 26... Nxf1 27. Qxc4 Nd2 $5 (27... Ne5 28. Nd8+ {was the last trick, though
after} Kh8 $1 {Black is still completely winning.} (28... Nxc4 $4 29. Bxc4+ Kh8
30. Nf7+ $11)) 28. Qxd3 Qb6+ {The simplest.} (28... Qc1+ 29. Kf2 Bxh1 $19) 29.
Nd4 Bc5 30. Qxd2 Bxd4+ 31. Kf1 Qf6+ 32. Ke1 Bc3 0-1

[Event "EU-Cup 32nd"]
[Site "Novi Sad"]
[Date "2016.11.07"]
[Round "2.1"]
[White "Bluebaum, Matthias"]
[Black "Edouard, Romain"]
[Result "1-0"]
[WhiteElo "2641"]
[BlackElo "2628"]
[Annotator "Edouard,R"]
[PlyCount "103"]
[EventDate "2016.11.06"]
[EventType "team-swiss"]
[EventRounds "7"]
[EventCountry "SRB"]
[SourceTitle "CBM 176"]
[Source "ChessBase"]
[SourceDate "2017.01.17"]
[SourceVersion "1"]
[SourceVersionDate "2017.01.17"]
[SourceQuality "1"]
[WhiteTeam "Werder Bremen"]
[BlackTeam "Gent"]
[WhiteTeamCountry "GER"]
[BlackTeamCountry "BEL"]

1. d4 d5 2. c4 dxc4 3. e4 Nf6 4. e5 Nd5 5. Bxc4 Nb6 6. Bd3 Nc6 7. Be3 Nb4 8.
Be4 f5 9. a3 {This line became popular when Kramnik played it against Karjakin
in 2014.} N4d5 (9... fxe4 $6 10. axb4 e6 11. Nc3 Bxb4 12. Qh5+ g6 13. Qg4 Bxc3+
14. bxc3 Qd5 15. Ne2 $14 {1-0 (39) Kramnik,V (2787)-Karjakin,S (2766)
Khanty-Mansiysk RUS 2014}) 10. Bxd5 $5 {A new trend!} ({After} 10. Bf3 Nxe3 11.
fxe3 g6 {followed by ...Bh6, ...c6, ...Be6 Black has relatively easy play.})
10... Nxd5 11. Nc3 $5 {A try at going for quick development, and keeping both
f3 and e2 as options for the development of the g1-knight.} (11. Ne2 g6 12.
Nbc3 Nxe3 $5 $146 13. fxe3 Bh6 {followed, again, by ...c6, ...Be6 is fine for
Black. White will play Nf4 and Black will just take it.}) 11... Nxc3 $5 $146 (
11... Be6 $5 12. Nge2 c6 {followed by ...Qd7, ...e6 is also very solid. Dreev
tried} 13. h4 $6 {but things just got worse:} Nxc3 14. bxc3 Bc4 15. Nf4 Qa5
$132 {1/2-1/2 (43) Dreev,A (2662)-Alekseenko,K (2480) RUS 2014}) (11... Nxe3
12. fxe3 g6 13. Nf3 Bh6 14. Kf2 c6 15. Qb3 Qb6 16. Qa2 f4 17. e4 Bg4 18. Rhd1
O-O-O 19. Qc4 Kb8 20. Na4 Qc7 21. Nc5 g5 22. Rd3 Qc8 23. h3 Bh5 24. e6 Ka8 25.
Rb3 b5 26. Qb4 Bxf3 27. gxf3 Bg7 28. e5 Qc7 29. a4 Rb8 30. Na6 Qb6 31. Nxb8
Rxb8 32. a5 Qc7 33. Qc5 a6 34. Rc3 Rc8 35. b4 h5 36. Rac1 Kb7 37. Ke2 Qd8 38.
d5 Ka8 39. Qd4 g4 40. Rxc6 gxf3+ 41. Kxf3 Rxc6 42. Rxc6 {1-0 (42) Bluebaum,M 
(2618)-Christiansen,J (2411) DEN 2016}) 12. bxc3 Qd5 13. Nf3 Qc4 14. Qc2 $6 (
14. Nd2 {is necessary and Black then plays} Qf7 {(threatening ...f4)} ({or} 
14... Qc6 $5 {with the idea ...b6}) ({but not} 14... Qxc3 $6 15. Rc1 $40))
14... e6 15. Nd2 Qc6 16. O-O b6 17. f3 Rg8 $6 {Looking for too much fun.} ({
After} 17... Be7 {Black is just slightly better.}) 18. c4 g5 19. Nb3 $5 Rg6 {
The rook will be a useful defender on the 6th rank. Furthermore when playing ..
.f4 the h7-pawn won't be hanging anymore.} (19... Bb7 $4 20. d5 exd5 21. Nd4
$40) 20. Rfc1 Qd7 $5 (20... f4 $5 21. Bf2 g4 {was also tricky:} 22. d5 exd5 23.
Nd4 Qb7 24. e6 gxf3 25. Qa4+ c6 26. Nxf3 Bxe6 27. cxd5 Bxd5 28. Re1+ $44) (
20... Bb7 $4 21. d5 exd5 22. Nd4 Qd7 23. e6 $18) 21. d5 (21. Rd1 Bb7 {is just
good for Black.}) 21... exd5 (21... f4 $6 22. Bf2 g4 23. fxg4 exd5 24. e6 $1
$16) 22. e6 $6 (22. cxd5 Qxd5 (22... Bb7 $5) 23. Rd1 Qc6 24. Qd3 Qd7 25. Qc4
Qc6 $11) 22... Rxe6 $6 (22... Qxe6 $5 23. Re1 Kf7 {was simpler and stronger.
Black is better.}) 23. Re1 Bg7 $4 {A terrible blunder.} (23... c5 24. cxd5 Qxd5
25. Rad1 Qe5 $1 {(the move I missed)} 26. Bxg5 Qxe1+ 27. Rxe1 Rxe1+ 28. Kf2 Re6
29. g4 $44) 24. Rad1 $4 {The move I expected.} ({But} 24. cxd5 Qxd5 25. Rad1 {
would just win at once.}) 24... Qe7 $1 25. Qd2 f4 $6 (25... dxc4 $1 26. Nd4 c3
27. Qd3 Bxd4 28. Qxd4 Kf7 29. Qh8 Kg6 $1 {(the move I missed) looks like a
decisive advantage for Black.}) 26. Bf2 Kf7 $1 (26... dxc4 27. Nd4 Bxd4 28.
Qxd4 Kf7 29. Qh8 {is now another story:} Qf8 (29... Kg6 30. Qg8+ Kh6 31. h4
gxh4 32. Rxe6+ Qxe6 33. Qf8+ Kg6 34. Qxf4 Qf5 35. Qxc4 Be6 36. Qxc7 $36) 30.
Qxh7+ Qg7 31. Qf5+ Qf6 32. Qd5 $36) 27. Qxd5 (27. cxd5 Rxe1+ 28. Rxe1 Qd6 $17)
(27. Nd4 Bxd4 28. Qxd4 Qf6 29. Qxd5 c6 30. Rxe6 cxd5 31. Rxf6+ Kxf6 32. Rxd5
Be6 33. Bd4+ $1 Kg6 34. Rd6 $11) 27... c6 28. Qd3 h6 $6 ({The very logical} 
28... c5 $1 {would get White into trouble:} 29. Qxh7 Qf6 30. Qd3 Rxe1+ 31. Rxe1
Be6 $17) (28... Kg8 {was also more logical.}) 29. c5 Rxe1+ 30. Rxe1 Be6 $4 {
An insane blunder.} (30... Qd7 31. Qe4 Qe6 {Black is at least not worse.}) 31.
Nd4 Rd8 (31... Bxd4 32. Bxd4 {leads to the game.}) 32. Qh7 Rh8 33. Qb1 Bxd4 34.
Bxd4 Rd8 $2 (34... Rg8 {was required.}) 35. Qh7+ Ke8 36. Qxh6 Kd7 37. cxb6 axb6
38. Bxb6 Rf8 39. Kh1 Rf5 40. h3 (40. Bd8 {would finish the game in style.})
40... c5 41. Qh8 Rd5 42. Qa8 Qd6 43. Ba5 Ke7 44. Bc7 Qd7 45. Qg8 c4 46. Qg7+
Ke8 47. Qg8+ Ke7 48. Qg7+ Ke8 49. Qg6+ Ke7 50. Be5 Rd1 51. Bf6+ Kf8 52. Qh6+
1-0